|
|
|
|
| LEADER |
00000cam a2200000 7i4500 |
| 001 |
0000002880 |
| 002 |
000003116 |
| 005 |
20000330.0 |
| 020 |
|
|
|a 9838991171
|
| 090 |
0 |
0 |
|a 915.983
|b MAC
|
| 100 |
1 |
|
|a Macdonald, David
|
| 245 |
1 |
0 |
|a Expedition to Borneo
|c David MacDonald
|
| 260 |
|
|
|a Kuala Lumpur :
|b S.Abdul Majeed & Co. 992
|
| 300 |
|
|
|a 180p. :
|b ill ;
|c 23cm.
|
| 650 |
0 |
0 |
|a Natural history
|z Borneo
|
| 650 |
0 |
0 |
|a Scienfific expeditions
|z Borneo
|
| 651 |
|
0 |
|a Borneo
|x Description and travel
|
| 999 |
|
|
|a 036450
|b BUKU
|c MALAYSIANA
|e PERPUSTAKAAN KOMUNITI PETALING JAYA
|
| 999 |
|
|
|a 057479
|b BUKU
|c MALAYSIANA
|e PERPUSTAKAAN KOMUNITI PETALING JAYA
|